000 00534nam a2200193Ia 4500
005 20250423100308.0
008 250422s9999 xx 000 0 und d
020 _a9780321417534
050 _aHC 79 .E5 .P446/
100 _aPerman, Roger
245 0 _aNatural resource and environmental economics
250 _a4th ed
260 _aHarlow
260 _bPearson Addison Wesley
260 _c2011
300 _a712 p
650 _aEnvironmental economics. Natural resources_Management. Sustainable development.
942 _cBK
999 _c32870
_d32870